|
|
|
|
| LEADER |
01305nam a2200325 a 4500 |
| 001 |
c000159468 |
| 003 |
CARM |
| 005 |
19981019000000.0 |
| 008 |
870817s1987 dcuabf i000 0 eng |
| 010 |
|
|
|a 87023067 //r972
|
| 019 |
1 |
|
|a 5539365
|z 21770943
|5 LACONCORD2021
|
| 020 |
|
|
|a 0821309625
|
| 035 |
|
|
|a (OCoLC)16713594
|5 LACONCORD2021
|
| 040 |
|
|
|a LC
|b eng
|c LC
|d SUA
|
| 043 |
|
|
|a pofj---
|
| 050 |
0 |
0 |
|a HD9738.F55
|b F55 1987
|
| 082 |
0 |
0 |
|a 338.4/767/099611
|2 19
|
| 245 |
0 |
0 |
|a Fiji, a transition to manufacturing.
|
| 260 |
|
|
|a Washington, D.C., U.S.A. :
|b World Bank,
|c c1987.
|
| 300 |
|
|
|a xvi, 107 p., [1] folded leaf of plates :
|b ill., col. map ;
|c 28 cm.
|
| 440 |
|
0 |
|a World Bank country study.
|
| 500 |
|
|
|a "Prepared by a mission that visited Fiji during early April 1986; mission members were Shahid Yusuf (mission chief), R. Kyle Peters, and Vladimir Konovalov"--P. iv.
|
| 650 |
|
0 |
|a Manufacturing industries
|z Fiji.
|
| 700 |
1 |
|
|a Yusuf, Shahid,
|d 1949-
|
| 700 |
1 |
|
|a Peters, R. Kyle,
|d 1954-
|
| 700 |
1 |
|
|a Konovalov, Vladimir.
|
| 710 |
2 |
|
|a World Bank.
|
| 852 |
8 |
|
|b CARM
|h A2:AL23D0
|i D05611
|p 0210031
|f BK
|
| 999 |
f |
f |
|i f6cd39bd-8ea5-5650-bc65-64961755e58d
|s 72594910-650d-5732-beee-3e3f42077ec2
|
| 952 |
f |
f |
|p Can circulate
|a CAVAL
|b CAVAL
|c CAVAL
|d CARM 1 Store
|e D05611
|f A2:AL23D0
|h Other scheme
|i book
|m 0210031
|